000 00324nam a22001457a 4500
003 OSt
005 20160727222344.0
008 160620b xxu||||| |||| 00| 0 eng d
040 _cTEST
100 _9179
_aBerger, C. F
245 _aScience
260 _aLandon
_b Trans World Pub.
_c1963
300 _aSCIENCE
942 _2ddc
_cBK
999 _c147
_d147